Ballon d'Or - classement 2012 - Statistiques

Statistiques générales
  • Ce quiz a été pris 124 fois
  • Le résultat moyen est 21 sur 23
Statistiques - réponses
Poste Club Nationalité Rang Réponse % Correct
Attaquant Real Madrid Portugal 2 Cristiano Ronaldo
100%
Attaquant FC Barcelone Argentine 1 Lionel Messi
100%
Milieu FC Barcelone Espagne 4 Xavi
99%
Milieu FC Barcelone Espagne 3 Andrés Iniesta
98%
Attaquant Real Madrid France 22 Karim Benzema
98%
Attaquant Santos FC Brésil 13 Neymar
98%
Gardien Real Madrid Espagne 6 Iker Casillas
97%
Attaquant Paris Saint-Germain Suède 10 Zlatan Ibrahimović
96%
Gardien Juventus Italie 16 Gianluigi Buffon
93%
Gardien Bayern Munich Allemagne 19 Manuel Neuer
93%
Défenseur Real Madrid Espagne 18 Sergio Ramos
93%
Attaquant Manchester United Angleterre 15 Wayne Rooney
93%
Attaquant Atlético Madrid Colombie 5 Radamel Falcao
92%
Attaquant Galatasaray SK Côte d'Ivoire 8 Didier Drogba
91%
Défenseur FC Barcelone Espagne 21 Gerard Piqué
90%
Attaquant Manchester City Argentine 17 Sergio Agüero
89%
Milieu Manchester City Côte d'Ivoire 12 Yaya Touré
89%
Milieu FC Barcelone Espagne 20 Sergio Busquets
88%
Milieu Juventus Italie 7 Andrea Pirlo
86%
Attaquant Manchester United Pays Bas 9 Robin van Persie
86%
Attaquant Manchester City Italie 23 Mario Balotelli
79%
Milieu Real Madrid Espagne 11 Xabi Alonso
74%
Milieu Real Madrid Allemagne 14 Mesut Özil
69%
Aucun quiz correspondant
Distribution des résultats
% des personnes avec chaque résultat
Percentile par nombre de réponses
Votre historique - résultats
Vous n’avez pas pris ce quiz